Creepypasta characters - Statistics

General Stats
  • This quiz has been taken 784 times
  • The average score is 13 of 45
Answer Stats
Hint Answer % Correct
JTK jeff the killer
95%
Jtk(female) jane the killer
88%
no face slenderman
84%
blue mask eyeless jack
76%
monocrome clown laughing jack
70%
"come play with me" sally
70%
"You shouldn't have done that" BEN DROWNED
68%
hatchets ticci toby
67%
black and white mask masky
62%
red frown hoodie
57%
"spread the word" smile dog
57%
clock eye clockwork
50%
Minecraft 2 herobrine
37%
JTK's bro homicidal liu
37%
sonic 2 sonic.EXE
36%
smexy offenderman
33%
jeff fangirl nina the killer
27%
no face, glasses trenderman
27%
Hellen otis bloody painter
25%
Pokemon lost silver
25%
polkadots splenderman
22%
crouching humanoid the rake
21%
sonic 1 tails doll
18%
legend of zelda dark link
16%
"He comes" zalgo
15%
sponge ___ BOB
14%
lj girl laughing jill
12%
sponge bob squidward
11%
mouse suicide mouse
11%
Angel judge angel
9%
cat grinny
8%
puppets the puppeteer
7%
Minecraft 1 enderman
5%
FNAF 2 foxy
5%
0 zero
5%
FNAF 3 bonnie
4%
Pikachu BRVR
4%
Pokemon red glitchy red
4%
FNAF 4 chica
3%
one eye, mask seedeater
3%
apple happy appy
2%
my little pony rainbow factory
2%
pencil neck mrs.p
1%
dolls doll maker
0%
FNAF 1 freddy frazbear
0%
No matching quizzes found
Score Distribution
Percent of People with Each Score
Percentile by Number Answered
Your Score History
You have not taken this quiz